00185 a2200085 450000100060000008200140000610000130002024500450003326000210007873100 a297.2 ALI aAli ,P.S aStatus of Women in the muslim WorldcAli aLahorebAziz Pub